| 000 | 00495cam a22002051 4500 | ||
|---|---|---|---|
| 001 | sa 63000178 | ||
| 003 | DLC | ||
| 005 | 20260227111919.0 | ||
| 008 | 900103s1962 ii 000 0 hino | ||
| 010 | _asa 63000178 | ||
| 035 | _a(OCoLC)20841685 | ||
| 040 |
_aDLC _cWaU _dDLC |
||
| 042 | _apremarc | ||
| 050 | 0 | 0 |
_aPK2098.P684 _bK3 |
| 100 | 1 |
_aPrakash, Satya., _d1922- |
|
| 245 | 1 | 0 | _aKāṇṭoṃ kī chāṃha meṃ. |
| 260 | _c1962. | ||
| 300 |
_a102 p. _c19 cm. |
||
| 500 | _aIn Hindi. | ||
| 999 |
_c53348 _d53348 |
||